Social Psychology / Second Edition (Record no. 3633)
[ view plain ]
| 000 -LEADER | |
|---|---|
| fixed length control field | 01148cam a22002054a 4500 |
| 005 - ΗΜΕΡΟΜΗΝΙΑ ΚΑΙ ΩΡΑ ΤΕΛΕΥΤΑΙΑΣ ΕΝΗΜΕΡΩΣΗΣ | |
| Πεδίο ελέγχου | 20250605164121.0 |
| 008 - FIXED-LENGTH DATA ELEMENTS--GENERAL INFORMATION | |
| Πεδίο ελέγχου σταθερού μήκους | 250528s ||||||||||||||||||||||||d |
| 035 ## - SYSTEM CONTROL NUMBER | |
| System control number | 18264 |
| 020 ## - ISBN | |
| ISBN | 70434948 |
| 040 ## - ΠΗΓΗ ΚΑΤΑΛΟΓΟΓΡΑΦΗΣΗΣ | |
| Φορέας πρωτότυπης καταλογογράφησης | MC Athens Campus Library |
| Γλώσσα καταλογογράφησης | Ελληνικά, Μοντέρνα (1453-) |
| Modifying agency | MC Athens Campus Library |
| Κανόνες περιγραφικής καταλογογράφησης | AACR2 |
| 245 1# - ΤΙΤΛΟΣ ΚΑΙ ΔΗΛΩΣΗ ΥΠΕΥΘΥΝΟΤΗΤΑΣ | |
| Τίτλος | Social Psychology / Second Edition |
| 250 ## - EDITION STATEMENT | |
| Edition statement | 2nd |
| 260 ## - PUBLICATION, DISTRIBUTION, ETC. | |
| Name of publisher, distributor, etc. | Mcgraw Hill, |
| Date of publication, distribution, etc. | 2000 |
| 300 ## - PHYSICAL DESCRIPTION | |
| Extent | 618 |
| 520 ## - SUMMARY, ETC. | |
| Summary, etc. | An exceptional writing style, classic and current research, and insightful, up-to-the minute examples, providing students with a comprehensive and thought-provoking introduction to the field of social psychology. Social Psychology as a Discipline, Perceiving People and Events, The Self, Self-Presentation and Social Perception, Social Cognition, Evaluating Our Social World, Attitudes, Persuasion, Prejudice and Discrimination, Understanding Our Place Within the Group, Social Influence, Group Behavior, Interacting with Others, Interpersonal Attraction, Intimate Relationships, Aggression, Prosocial Behavior: Helping Others, The Personal Relevance of Social Psychology. |
| 700 1# - ΠΡΟΣΘΕΤΗ ΑΝΑΓΡΑΦΗ--ΦΥΣΙΚΟ ΠΡΟΣΩΠΟ | |
| Personal name | Franzoi Stephen L |
| 9 (RLIN) | 4368 |
| 942 ## - ADDED ENTRY ELEMENTS (KOHA) | |
| Koha item type | Books |
| Τύπος τεκμηρίου | Βιβλιοθήκη | Τρέχουσα τοποθεσία | Barcode | Αριθμός εισαγωγής | Ημερομηνία απόκτησης | Ταξιθετικό σύμβολο | Αριθμός αντιτύπου | Κατάσταση απόσυρσης | Κατάσταση χαμένου | Κατάσταση κατεστραμμένου | Μη δανεισμός | Σύνολο δανεισμών | Σύνολο ανανεώσεων | Ημερομηνία λήξης | Ημερομηνία τελευταίας εμφάνισης | Χρονολογία τελευταίου δανεισμού | Η τιμή ισχύει από |
|---|---|---|---|---|---|---|---|---|---|---|---|---|---|---|---|---|---|
| Books | MC Athens Campus Library | MC Athens Campus Library | 9780000036322 | 2831 | 05/06/2025 | 302 FRA | 1 | 3 | 6 | 23/02/2026 | 02/02/2026 | 02/02/2026 | 05/06/2025 |